000 00406 a2200157 4500
005 20250623124908.0
020 _a0-8247-0066-X
082 _aLM 620.1921 CHA
100 _aCHANDA, M.
245 _aPlastics Technology Handbook.
250 _a3rd Ed
260 _aNew York,
_bMarcel Dekker, Inc,
_c1998.
300 _axi,1195p.: ill.; graph, table
_bIndex
_c24cm
700 _aROY, S. K.
942 _2ddc
_cBKS
999 _c1390
_d1390